[Event "Chigorin Memorial"]
[Site "St Petersburg"]
[Date "2015.10.06"]
[Round "4.21"]
[White "Gevorgyan, David Sh"]
[Black "Can, Emre"]
[Result "1/2-1/2"]
[WhiteElo "2359"]
[BlackElo "2531"]
[PlyCount "227"]
[EventDate "2015.10.03"]
[EventRounds "9"]
[EventCountry "RUS"]

1. d4 d5 2. c4 e6 3. Nc3 c6 4. e3 Bd6 5. Nf3 f5 6. Qc2 Nf6 7. Bd3 O-O 8. b3 Ne4
9. Bb2 Nd7 10. O-O Rf6 11. Ne5 Rh6 12. Nxe4 fxe4 13. Be2 Qg5 14. Qc3 Nxe5 15.
dxe5 Rg6 16. g3 Be7 17. f4 exf3 18. Rxf3 Bd7 19. Raf1 b6 20. Bc1 dxc4 21. Qd4
Rd8 22. Bxc4 Bc5 23. Qc3 Rf8 24. b4 Rxf3 25. Rxf3 Qg4 26. Rf2 Be7 27. Rf4 Qh5
28. Qd4 Be8 29. a3 Rh6 30. Rf2 c5 31. bxc5 bxc5 32. Qe4 Qd1+ 33. Rf1 Qd7 34.
Qa8 Rg6 35. Bd3 Rg4 36. Be4 Qd8 37. Qb7 Qd7 38. Qa8 Qd8 39. Qb7 Rg5 40. Bb2 Qd7
41. Qxd7 Bxd7 42. Kg2 Be8 43. h3 Bg6 44. Bxg6 Rxg6 45. e4 h5 46. Bc1 Bg5 47.
Kf3 Kf7 48. Bxg5 Rxg5 49. Kf4 Rg6 50. Rc1 Rh6 51. Rxc5 Rh8 52. Kg5 Rd8 53. Rc7+
Kf8 54. Rxa7 Rd3 55. Ra8+ Kf7 56. Ra7+ Kf8 57. Kh4 Re3 58. Ra4 Kf7 59. g4 hxg4
60. Kxg4 Kg6 61. h4 Re1 62. h5+ Kh6 63. Ra8 Rxe4+ 64. Kf3 Rxe5 65. Rh8+ Kg5 66.
Rg8 Kf6 67. Rf8+ Ke7 68. Rh8 Ra5 69. h6 Rxa3+ 70. Kf4 gxh6 71. Rxh6 Kd6 72. Ke4
Ra4+ 73. Ke3 Kd5 74. Rh8 Ra3+ 75. Ke2 Ra4 76. Rb8 Ke4 77. Rb2 Kf4 78. Rb3 Ra2+
79. Ke1 e5 80. Rc3 Ke4 81. Rb3 Kd4 82. Rb4+ Kd3 83. Rb3+ Kc4 84. Rb8 Kd4 85.
Rb4+ Ke3 86. Rb3+ Kf4 87. Rb4+ e4 88. Rb3 Rg2 89. Ra3 Rb2 90. Rc3 Ke5 91. Ra3
Rc2 92. Kd1 Rh2 93. Ke1 Kf4 94. Kf1 Rh1+ 95. Ke2 Rc1 96. Kd2 Rb1 97. Ke2 Rb2+
98. Ke1 Rc2 99. Kd1 Rf2 100. Ke1 Rf3 101. Ra8 Rh3 102. Kf1 Kf3 103. Rf8+ Ke3
104. Ra8 Rh1+ 105. Kg2 Rd1 106. Ra3+ Ke2 107. Ra2+ Rd2 108. Ra1 e3 109. Ra8
Ke1+ 110. Kf3 e2 111. Ke3 Rd7 112. Ra1+ Rd1 113. Ra2 Kf1 114. Rxe2 1/2-1/2

[Event "Chigorin Memorial"]
[Site "St Petersburg"]
[Date "2015.10.06"]
[Round "4.22"]
[White "Gubajdullin, Alexei"]
[Black "Matsenko, Sergei"]
[Result "0-1"]
[WhiteElo "2359"]
[BlackElo "2531"]
[PlyCount "108"]
[EventDate "2015.10.03"]
[EventRounds "9"]
[EventCountry "RUS"]

1. e4 e6 2. d4 d5 3. Nd2 Nc6 4. c3 e5 5. exd5 Qxd5 6. Ngf3 exd4 7. Bc4 Qf5 8.
O-O Be6 9. Bxe6 fxe6 10. Qa4 O-O-O 11. Nb3 e5 12. cxd4 exd4 13. Nbxd4 Nxd4 14.
Nxd4 Qd7 15. Qxd7+ Rxd7 16. Be3 Ne7 17. Ne6 Nf5 18. Nxf8 Rxf8 19. Bf4 Nd4 20.
Be5 Ne2+ 21. Kh1 Rf5 22. f4 Nxf4 23. Bxf4 Rdf7 24. g3 g5 25. Rf3 gxf4 26. Raf1
Kd7 27. Kg2 Ke6 28. gxf4 Rd7 29. Re3+ Kf6 30. Rf2 Rd4 31. Rb3 b6 32. Ra3 a5 33.
Rc3 c5 34. Rb3 Rb4 35. Rd3 Rfxf4 36. Rxf4+ Rxf4 37. Rd6+ Ke5 38. Rxb6 Rb4 39.
Rh6 Rxb2+ 40. Kf3 Kd4 41. a4 c4 42. Rd6+ Kc5 43. Ra6 Kb4 44. Ke3 c3 45. Rh6 Rg2
46. Rxh7 c2 47. Rc7 Rxh2 48. Kd3 Kb3 49. Rc5 Rg2 50. Rc6 Kb2 51. Rb6+ Kc1 52.
Kc3 Rg3+ 53. Kc4 Kd1 54. Rd6+ Ke2 0-1

[Event "Chigorin Memorial"]
[Site "St Petersburg"]
[Date "2015.10.06"]
[Round "4.23"]
[White "Yandarbiev, Ruslan"]
[Black "Predke, Alexandr"]
[Result "1/2-1/2"]
[WhiteElo "2344"]
[BlackElo "2527"]
[PlyCount "95"]
[EventDate "2015.10.03"]
[EventRounds "9"]
[EventCountry "RUS"]

1. e4 e5 2. Nf3 Nc6 3. Bb5 a6 4. Ba4 Nf6 5. O-O Be7 6. Re1 b5 7. Bb3 d6 8. c3
O-O 9. h3 Nb8 10. d4 Nbd7 11. Nbd2 Bb7 12. Bc2 Re8 13. Nf1 Bf8 14. Ng3 g6 15.
a4 c5 16. d5 c4 17. Bg5 Nc5 18. axb5 axb5 19. Rxa8 Bxa8 20. Qd2 Be7 21. Ra1 Bb7
22. Qe3 Nfd7 23. Bh6 Bf8 24. Bxf8 Rxf8 25. Qh6 Qf6 26. h4 Ra8 27. Rxa8+ Bxa8
28. h5 Bb7 29. Nd2 Bc8 30. Qe3 Qh4 31. b3 cxb3 32. Nxb3 Nxb3 33. Bxb3 Nc5 34.
Bc2 Bd7 35. hxg6 hxg6 36. Ne2 Kf8 37. Nc1 Ke8 38. Nb3 Na4 39. g3 Qd8 40. Qh6
Bg4 41. c4 bxc4 42. Nd2 Nb6 43. Nxc4 Nxc4 44. Ba4+ Bd7 45. Qh8+ Ke7 46. Qh4+
Ke8 47. Qh8+ Ke7 48. Qh4+ 1/2-1/2

[Event "Chigorin Memorial"]
[Site "St Petersburg"]
[Date "2015.10.06"]
[Round "4.24"]
[White "Levin, Evgeny A"]
[Black "Bivol, Alina"]
[Result "1-0"]
[WhiteElo "2508"]
[BlackElo "2350"]
[PlyCount "99"]
[EventDate "2015.10.03"]
[EventRounds "9"]
[EventCountry "RUS"]

1. d4 f5 2. Nc3 Nf6 3. Bg5 d5 4. f3 c5 5. e4 dxe4 6. d5 Qb6 7. Qd2 Bd7 8. O-O-O
Na6 9. Nh3 O-O-O 10. Bc4 Nc7 11. fxe4 Qb4 12. Bb3 fxe4 13. Nf2 b5 14. Qe3 Ng4
15. Nxg4 Bxg4 16. Rd2 c4 17. a3 Qa5 18. Qxe4 Bh5 19. Ba2 Rd7 20. Bf4 Bg6 21.
Qe5 Qb6 22. Rf1 a5 23. Be3 Qd6 24. Qd4 e5 25. Qa7 a4 26. Bb6 Be7 27. Kb1 e4 28.
Rfd1 Bg5 29. Re2 Re8 30. Bc5 Qa6 31. Qxa6+ Nxa6 32. Be3 Bf6 33. Nxb5 Bh5 34.
Bxc4 Bxe2 35. Bxe2 Kb7 36. c4 Nc7 37. Nxc7 Kxc7 38. c5 Be5 39. Bb5 Rb8 40. d6+
Kd8 41. Bg5+ Bf6 42. Bxf6+ gxf6 43. Bxd7 Kxd7 44. Rd4 Re8 45. c6+ Kxc6 46. d7
Rd8 47. Rxe4 Rxd7 48. Rxa4 Rd1+ 49. Ka2 Rf1 50. Rh4 1-0

[Event "Chigorin Memorial"]
[Site "St Petersburg"]
[Date "2015.10.06"]
[Round "4.25"]
[White "Karasev, Vladimir I"]
[Black "Kharchenko, Boris"]
[Result "0-1"]
[WhiteElo "2341"]
[BlackElo "2500"]
[PlyCount "102"]
[EventDate "2015.10.03"]
[EventRounds "9"]
[EventCountry "RUS"]

1. Nf3 d5 2. g3 c5 3. Bg2 Nc6 4. d4 Nf6 5. O-O e6 6. c4 dxc4 7. Ne5 Bd7 8. Nxc6
Bxc6 9. Bxc6+ bxc6 10. Qa4 cxd4 11. Qxc6+ Nd7 12. Qxc4 Bc5 13. Nd2 O-O 14. Ne4
Bb6 15. Bg5 Qc8 16. Qb5 a6 17. Qa4 Qb7 18. Nd6 Qd5 19. Be7 Rfb8 20. Qxd7 Ra7
21. Qa4 Rxe7 22. Nc4 Bc5 23. Rac1 h5 24. Qc2 h4 25. Rfd1 Qa8 26. Ne5 h3 27. f3
Bb6 28. Qd3 Rc8 29. Rxc8+ Qxc8 30. Nc4 Ba7 31. Kf1 g6 32. b3 e5 33. Qe4 Qe6 34.
Qh4 Kg7 35. Rd3 Re8 36. Nd2 f5 37. Nc4 e4 38. fxe4 fxe4 39. Rd1 Rf8+ 40. Ke1
Bc5 41. Nd2 Qf7 42. Rc1 Ba3 43. Rb1 Qf2+ 44. Kd1 d3 45. exd3 e3 46. Qd4+ Rf6
47. Qd7+ Rf7 48. Qd4+ Kg8 49. Qd8+ Bf8 50. Ne4 e2+ 51. Kc2 e1=Q+ 0-1

[Event "Chigorin Memorial"]
[Site "St Petersburg"]
[Date "2015.10.06"]
[Round "4.26"]
[White "Soffer, Ram"]
[Black "Gogin, Maksim"]
[Result "1/2-1/2"]
[WhiteElo "2479"]
[BlackElo "2220"]
[PlyCount "157"]
[EventDate "2015.10.03"]
[EventRounds "9"]
[EventCountry "RUS"]

1. e4 c5 2. Nf3 e6 3. d4 cxd4 4. Nxd4 a6 5. c4 Nf6 6. Nc3 Qc7 7. Be2 b6 8. Be3
Bb7 9. f3 Bd6 10. Qd2 Be7 11. Na4 d6 12. Nxb6 Qxb6 13. Nxe6 Qc6 14. Nxg7+ Kf8
15. Nf5 Nbd7 16. Rd1 Rg8 17. O-O Ne5 18. Bh6+ Ke8 19. Nxd6+ Bxd6 20. Qxd6 Qxd6
21. Rxd6 Ke7 22. Rfd1 Rg6 23. Be3 Nfd7 24. c5 Rag8 25. g3 Rxd6 26. Rxd6 f6 27.
b4 Rb8 28. a3 Nf7 29. Rd1 Nde5 30. f4 Ng6 31. Rd4 Nf8 32. Rc4 Bc6 33. Rc3 Ra8
34. Bd3 Ne6 35. Kf2 Nc7 36. Bc1 Rd8 37. Bc2 Nb5 38. Rd3 Nd4 39. Bb1 Bb5 40. Rd2
a5 41. Ke3 Nc6 42. Rxd8 Nfxd8 43. Bd2 axb4 44. axb4 Ne6 45. Bd3 Nc7 46. g4 Ke6
47. h4 Ba4 48. Bc4+ Ke7 49. g5 fxg5 50. hxg5 Kf8 51. e5 Ne7 52. Bd3 Ng6 53. Be4
Bb3 54. c6 Ne7 55. b5 Nxb5 56. Bb4 Nc7 57. Bxe7+ Kxe7 58. Bxh7 Nd5+ 59. Kf3 Ba4
60. c7 Nxc7 61. f5 Be8 62. g6 Kf8 63. Kf4 Bd7 64. f6 Ne6+ 65. Kg4 Ng7+ 66. Kg5
Be6 67. Kf4 Bd5 68. fxg7+ Kxg7 69. Kf5 Ba2 70. e6 Bxe6+ 71. Kxe6 Kh8 72. Ke7
Kg7 73. Kd6 Kf6 74. Kd5 Kg7 75. Ke5 Kh8 76. Bg8 Kxg8 77. Kf6 Kf8 78. g7+ Kg8
79. Kg6 1/2-1/2

[Event "Chigorin Memorial"]
[Site "St Petersburg"]
[Date "2015.10.06"]
[Round "4.27"]
[White "Usmanov, Vasily"]
[Black "Nechaev, Oleg"]
[Result "1-0"]
[WhiteElo "2450"]
[BlackElo "2330"]
[PlyCount "83"]
[EventDate "2015.10.03"]
[EventRounds "9"]
[EventCountry "RUS"]

1. d4 Nf6 2. Nf3 g6 3. Bf4 Bg7 4. e3 d6 5. h3 O-O 6. c4 c5 7. Nc3 cxd4 8. exd4
Nc6 9. d5 Nh5 10. Be3 Ne5 11. Nd4 f5 12. Be2 f4 13. Bc1 Qc7 14. O-O a6 15. Ne6
Bxe6 16. dxe6 f3 17. gxf3 Nxc4 18. Nd5 Qc5 19. b4 Qd4 20. Qxd4 Bxd4 21. Bh6
Bxa1 22. Rxa1 Ne5 23. Nxe7+ Kh8 24. Bxf8 Rxf8 25. Nd5 Nc6 26. Rc1 Rf5 27. Ne3
Re5 28. Bxa6 Nxb4 29. Rc8+ Kg7 30. Rc7+ Kf8 31. Rf7+ Ke8 32. Bc4 b5 33. Bb3 d5
34. Rb7 d4 35. Ng4 Re1+ 36. Kh2 Nd3 37. Rxb5 Nc1 38. Bc4 d3 39. Rb7 d2 40. Ne3
Rxe3 41. Bb5+ Kd8 42. Rd7+ 1-0

[Event "Chigorin Memorial"]
[Site "St Petersburg"]
[Date "2015.10.06"]
[Round "4.28"]
[White "Kenneskog, Theodor"]
[Black "Malakhov, Igor"]
[Result "1/2-1/2"]
[WhiteElo "2334"]
[BlackElo "2438"]
[PlyCount "63"]
[EventDate "2015.10.03"]
[EventRounds "9"]
[EventCountry "RUS"]

1. e4 c5 2. Nf3 Nc6 3. d4 cxd4 4. Nxd4 g6 5. Nc3 Bg7 6. Be3 Nf6 7. Bc4 O-O 8.
Bb3 d6 9. f3 Bd7 10. Qd2 Nxd4 11. Bxd4 b5 12. h4 a5 13. a4 bxa4 14. Nxa4 Be6
15. Nb6 Ra6 16. Nd5 Bxd5 17. exd5 Qc7 18. Ra4 Rb8 19. h5 Nxh5 20. Bxg7 Kxg7 21.
g4 Nf6 22. Qh6+ Kg8 23. Rf4 Qc5 24. Rxf6 exf6 25. Qxh7+ Kf8 26. Qh8+ Ke7 27.
Qxb8 Qe3+ 28. Kd1 Qxf3+ 29. Kd2 Qf4+ 30. Kd1 Qf3+ 31. Kd2 Qf4+ 32. Kd1 1/2-1/2

[Event "Chigorin Memorial"]
[Site "St Petersburg"]
[Date "2015.10.06"]
[Round "4.29"]
[White "Tunik, Gennady"]
[Black "Abasheeva, Ksenia"]
[Result "1-0"]
[WhiteElo "2420"]
[BlackElo "1780"]
[PlyCount "101"]
[EventDate "2015.10.03"]
[EventRounds "9"]
[EventCountry "RUS"]

1. d4 Nf6 2. c4 c5 3. Nf3 g6 4. Nc3 Bg7 5. e4 cxd4 6. Nxd4 d6 7. Be2 O-O 8. O-O
Nc6 9. Nc2 a6 10. Be3 Qc7 11. Rc1 Ne5 12. b3 b5 13. Nd5 Nxd5 14. cxd5 Qa5 15.
Nd4 Bb7 16. a4 bxa4 17. b4 Qd8 18. Qxa4 Bc8 19. h3 Qd7 20. Qxd7 Nxd7 21. Rc7
Bxd4 22. Bxd4 Rb8 23. Rb1 Rb7 24. Rxc8 Rxc8 25. Bxa6 Rcb8 26. Bxb7 Rxb7 27. b5
Ne5 28. Bxe5 dxe5 29. b6 Kf8 30. Kf1 e6 31. Ke2 Ke7 32. Kd3 exd5 33. exd5 Kd6
34. Kc4 f5 35. f3 e4 36. fxe4 fxe4 37. Kd4 e3 38. Rb2 g5 39. Kxe3 Kxd5 40. Kf3
h5 41. Rb5+ Kd4 42. Rxg5 Rxb6 43. Rxh5 Rb3+ 44. Kf4 Rb2 45. g4 Rf2+ 46. Kg5 Ke5
47. Rh6 Ke4 48. h4 Rg2 49. Rf6 Ke5 50. Rf1 Ke6 51. h5 1-0

[Event "Chigorin Memorial"]
[Site "St Petersburg"]
[Date "2015.10.06"]
[Round "4.30"]
[White "Sichinava, Zviad"]
[Black "Sarana, Alexey"]
[Result "0-1"]
[WhiteElo "2329"]
[BlackElo "2413"]
[PlyCount "66"]
[EventDate "2015.10.03"]
[EventRounds "9"]
[EventCountry "RUS"]

1. d4 Nf6 2. Bg5 Ne4 3. Bh4 c5 4. f3 g5 5. fxe4 gxh4 6. e3 Bh6 7. Kf2 cxd4 8.
exd4 Nc6 9. Nc3 d6 10. Bc4 O-O 11. Nf3 Bg4 12. Nd5 Kh8 13. Re1 e6 14. Ne3 Bh5
15. c3 Rg8 16. Nf1 Qf6 17. g3 Rg4 18. Qd3 Rag8 19. Bb3 Bf4 20. gxf4 Rg2+ 21.
Ke3 e5 22. dxe5 Nxe5 23. Nxe5 dxe5 24. Qb5 Qxf4+ 25. Kd3 Rd8+ 26. Bd5 Qf2 27.
Kc4 Be2+ 28. Rxe2 Qxe2+ 29. Kb4 Qxb2+ 30. Bb3 Qxa1 31. Qxe5+ Rg7 32. Ne3 Rc8
33. Nf5 a5+ 0-1

[Event "Chigorin Memorial"]
[Site "St Petersburg"]
[Date "2015.10.06"]
[Round "4.31"]
[White "Guseva, Marina"]
[Black "Salman, Pavel"]
[Result "1-0"]
[WhiteElo "2411"]
[BlackElo "2183"]
[PlyCount "117"]
[EventDate "2015.10.03"]
[EventRounds "9"]
[EventCountry "RUS"]

1. d4 Nf6 2. c4 e6 3. Nc3 Bb4 4. Nf3 c5 5. g3 b6 6. Bg2 Bb7 7. dxc5 Bxc5 8. O-O
O-O 9. Bf4 a6 10. Bd6 Bxd6 11. Qxd6 Ne8 12. Qd3 Nc6 13. Rfd1 d6 14. Ne4 Nb4 15.
Qd2 Bxe4 16. Qxb4 Rb8 17. Rd4 Bc6 18. b3 Qc7 19. Rc1 Qa7 20. Ne1 b5 21. Qd2
Bxg2 22. Nxg2 bxc4 23. Rdxc4 d5 24. Rc6 Rb5 25. Nf4 h6 26. Nd3 Nf6 27. Qb2 a5
28. Qa3 a4 29. Nc5 Ra5 30. b4 Rb5 31. Ra6 Qb8 32. Rxa4 Rc8 33. Nd3 Kh7 34. Rxc8
Qxc8 35. Qb2 Ne4 36. Ra7 f6 37. a4 Rb6 38. Qd4 Rc6 39. f3 Rc4 40. Qe3 Nc3 41.
Nf4 d4 42. Qd3+ f5 43. Re7 Nd1 44. Nxe6 Ne3 45. Nxd4 Rc3 46. Qd2 f4 47. gxf4
Nd5 48. Re5 Nxb4 49. Kg2 Na6 50. Nb5 Rc6 51. Nd6 Qc7 52. Qd3+ g6 53. Re6 Qg7
54. Ne8 Rxe6 55. Nxg7 Kxg7 56. Qd7+ Kf6 57. e4 Re7 58. Qd4+ Kf7 59. Qc4+ 1-0

[Event "Chigorin Memorial"]
[Site "St Petersburg"]
[Date "2015.10.06"]
[Round "4.33"]
[White "Maletin, Pavel"]
[Black "Iljin, Timofey"]
[Result "0-1"]
[WhiteElo "2581"]
[BlackElo "2266"]
[PlyCount "66"]
[EventDate "2015.10.03"]
[EventRounds "9"]
[EventCountry "RUS"]

1. d4 d5 2. c4 e6 3. Nf3 Nf6 4. g3 dxc4 5. Bg2 Nc6 6. Qa4 Bb4+ 7. Bd2 Nd5 8.
Qb5 Bxd2+ 9. Nbxd2 c3 10. bxc3 Nxc3 11. Qd3 Nd5 12. O-O O-O 13. Rfc1 Nde7 14.
Ng5 Nf5 15. Bxc6 Qxg5 16. Bg2 Rd8 17. e3 e5 18. Rxc7 exd4 19. e4 Nd6 20. Rac1
Ne8 21. R7c5 Qe7 22. e5 Be6 23. f4 g6 24. a3 b6 25. R5c2 Rac8 26. Rxc8 Bxc8 27.
Be4 Ng7 28. Bd5 Bf5 29. Be4 Bg4 30. Nc4 Ne6 31. Bf3 Bxf3 32. Qxf3 Qc5 33. Qd1
Rc8 0-1

[Event "Chigorin Memorial"]
[Site "St Petersburg"]
[Date "2015.10.06"]
[Round "4.34"]
[White "Bekhovskiy, Mikhail"]
[Black "Tukhaev, Adam"]
[Result "0-1"]
[WhiteElo "2264"]
[BlackElo "2569"]
[PlyCount "96"]
[EventDate "2015.10.03"]
[EventRounds "9"]
[EventCountry "RUS"]

1. e4 e5 2. Nf3 Nc6 3. d4 exd4 4. Nxd4 Bb4+ 5. c3 Bc5 6. Nxc6 bxc6 7. Bd3 Ne7
8. O-O O-O 9. Nd2 d6 10. h3 Ng6 11. Nf3 h6 12. Nd4 Qh4 13. Be3 Re8 14. Nf5 Bxf5
15. exf5 Ne5 16. Bxc5 dxc5 17. Qc2 Rad8 18. Rad1 Rd6 19. Rfe1 Qg5 20. Be4 Red8
21. Rxd6 cxd6 22. g3 d5 23. Bg2 Nc4 24. b3 Nd6 25. g4 h5 26. Qc1 Qxc1 27. Rxc1
hxg4 28. hxg4 c4 29. Kf1 Rb8 30. b4 a5 31. bxa5 Kf8 32. Rc2 Ke7 33. Ke2 Ra8 34.
a4 Rxa5 35. Ra2 Nb7 36. g5 Nc5 37. Ra1 Rxa4 38. Rh1 Ra2+ 39. Ke3 Nb7 40. Rh7
Nd6 41. Bh3 Rc2 42. Kd4 Rd2+ 43. Ke5 Re2+ 44. Kd4 Nb7 45. Bg2 Kd6 46. Bxd5 cxd5
47. f3 Nd8 48. Rxg7 Nc6# 0-1

[Event "Chigorin Memorial"]
[Site "St Petersburg"]
[Date "2015.10.06"]
[Round "4.35"]
[White "Stupak, Kirill"]
[Black "Volkov, Anton"]
[Result "1-0"]
[WhiteElo "2531"]
[BlackElo "2255"]
[PlyCount "95"]
[EventDate "2015.10.03"]
[EventRounds "9"]
[EventCountry "RUS"]

1. d4 Nf6 2. g3 g6 3. Bg2 Bg7 4. e4 d6 5. Nc3 O-O 6. Nge2 e5 7. O-O Nc6 8. dxe5
dxe5 9. Bg5 h6 10. Qxd8 Rxd8 11. Bxf6 Bxf6 12. Nd5 Be7 13. Nxc7 Rb8 14. Nd5 Bd6
15. Rfd1 Kg7 16. c3 Bg4 17. Kf1 Ne7 18. Ne3 Be6 19. Nc1 f5 20. exf5 gxf5 21.
Nb3 b6 22. Nd5 Ba3 23. Nxe7 Bxe7 24. Ke1 Rxd1+ 25. Rxd1 Rd8 26. Nc1 Rxd1+ 27.
Kxd1 e4 28. b3 Kf6 29. Ne2 Bc5 30. Ke1 a5 31. Nf4 Bf7 32. Bf1 Ke5 33. Bb5 Bd5
34. Bd7 Bf7 35. Ng2 Be6 36. Bxe6 Kxe6 37. Ke2 Ke5 38. a4 Kf6 39. Ne3 Ke5 40.
Nc2 f4 41. gxf4+ Kxf4 42. b4 Bd6 43. Ne3 axb4 44. cxb4 Kg5 45. Nd5 Kg4 46. a5
bxa5 47. bxa5 Bxh2 48. Nf6+ 1-0

[Event "Chigorin Memorial"]
[Site "St Petersburg"]
[Date "2015.10.06"]
[Round "4.36"]
[White "Chekhov, Sergei"]
[Black "Ibadov, Dashgyn"]
[Result "0-1"]
[WhiteElo "2488"]
[BlackElo "2246"]
[PlyCount "63"]
[EventDate "2015.10.03"]
[EventRounds "9"]
[EventCountry "RUS"]

1. e4 e6 2. d4 d5 3. Nd2 Nc6 4. Ngf3 Nf6 5. e5 Nd7 6. Nb3 f6 7. Bf4 fxe5 8.
dxe5 Be7 9. h4 O-O 10. g3 Qe8 11. c3 a5 12. a4 b6 13. Bb5 Nc5 14. Nxc5 bxc5 15.
Ng5 Bxg5 16. hxg5 g6 17. Qg4 Rf7 18. O-O-O Ba6 19. Rh6 Bxb5 20. axb5 Na7 21.
Qh3 Rg7 22. c4 dxc4 23. b6 Nc6 24. Be3 Nxe5 25. bxc7 Nd3+ 26. Kb1 Rxc7 27. Rh4
Rb8 28. Bc1 Nxf2 29. Qf1 Nxd1 30. Qxd1 c3 31. Bf4 Rxb2+ 32. Kc1 0-1

[Event "Chigorin Memorial"]
[Site "St Petersburg"]
[Date "2015.10.06"]
[Round "4.37"]
[White "Bodnaruk, Anastasia"]
[Black "Dimitrova, Aleksandra"]
[Result "1-0"]
[WhiteElo "2459"]
[BlackElo "2235"]
[PlyCount "65"]
[EventDate "2015.10.03"]
[EventRounds "9"]
[EventCountry "RUS"]

1. e4 c5 2. Nf3 Nc6 3. d4 cxd4 4. Nxd4 Qb6 5. Nb3 Nf6 6. Nc3 e6 7. Bd3 Be7 8.
O-O O-O 9. Be3 Qc7 10. f4 d6 11. g4 a6 12. a4 b6 13. g5 Nd7 14. f5 Re8 15. Qg4
Nde5 16. Qg3 Bf8 17. h4 Nb4 18. f6 Nbxd3 19. cxd3 Nxd3 20. h5 Ne5 21. Bf4 Ra7
22. g6 Qc4 23. Nd2 Qd4+ 24. Be3 Qd3 25. fxg7 Be7 26. gxf7+ Nxf7 27. Rxf7 Kxf7
28. Rf1+ Kg8 29. Rf8+ Bxf8 30. gxf8=Q+ Kxf8 31. Bh6+ Ke7 32. Qxd3 Rg8+ 33. Kf2
1-0

[Event "Chigorin Memorial"]
[Site "St Petersburg"]
[Date "2015.10.06"]
[Round "4.38"]
[White "Ageichenko, Genadi A"]
[Black "Andersen, Mads"]
[Result "0-1"]
[WhiteElo "2257"]
[BlackElo "2457"]
[PlyCount "76"]
[EventDate "2015.10.03"]
[EventRounds "9"]
[EventCountry "RUS"]

1. d4 Nf6 2. Bf4 g6 3. Nf3 Bg7 4. Nbd2 d5 5. e3 O-O 6. Bd3 c5 7. c3 Nc6 8. h3
Nd7 9. O-O e5 10. dxe5 Ndxe5 11. Be2 Be6 12. Nxe5 Nxe5 13. Nf3 Nc6 14. Qa4 Qe7
15. Bb5 Bd7 16. Qa3 a6 17. Bxc6 Bxc6 18. Rad1 Rfe8 19. Rfe1 a5 20. Qb3 a4 21.
Qc2 a3 22. b3 Qf6 23. Rc1 h6 24. Qd2 b6 25. Nh2 g5 26. Bc7 Bb7 27. f3 Rac8 28.
Bg3 Rcd8 29. Nf1 Qe6 30. Qf2 Rd7 31. Nh2 Rde7 32. h4 Qg6 33. hxg5 hxg5 34. Qd2
f5 35. Bf2 Be5 36. f4 gxf4 37. exf4 d4 38. g4 Qc6 0-1

[Event "Chigorin Memorial"]
[Site "St Petersburg"]
[Date "2015.10.06"]
[Round "4.39"]
[White "Golubov, Saveliy"]
[Black "Kuzmin, Egor"]
[Result "1/2-1/2"]
[WhiteElo "2453"]
[BlackElo "2232"]
[PlyCount "139"]
[EventDate "2015.10.03"]
[EventRounds "9"]
[EventCountry "RUS"]

1. e4 c5 2. Nf3 d6 3. c3 Nf6 4. Be2 g6 5. O-O Bg7 6. Re1 O-O 7. Bf1 Nc6 8. h3
e5 9. Na3 d5 10. exd5 Nxd5 11. d3 h6 12. Nc4 Re8 13. a4 b6 14. Nfd2 f5 15. a5
b5 16. Na3 b4 17. cxb4 cxb4 18. Nac4 Be6 19. Nf3 Bf7 20. g3 Qc7 21. Qa4 e4 22.
dxe4 fxe4 23. Nh2 Nd4 24. Bd2 b3 25. Rac1 Nc2 26. Red1 e3 27. Nxe3 Ndxe3 28.
Bxe3 Rxe3 29. Rd7 Qc5 30. Rxf7 Rxg3+ 31. Kh1 Kxf7 32. Bc4+ Ke7 33. fxg3 Qe3 34.
Rf1 Rf8 35. Rxf8 Bxf8 36. Qxb3 Qxb3 37. Bxb3 Nb4 38. Bc4 Bg7 39. b3 a6 40. Nf3
Bc3 41. Kg2 Nc6 42. Bxa6 Nxa5 43. Bc4 Nxc4 44. bxc4 Kd6 45. Nh4 Kc5 46. Nxg6
Kxc4 47. Ne7 Bd2 48. Kf3 Kd4 49. Kg4 Ke3 50. Nd5+ Kf2 51. Nf4 Kg1 52. Kf3 Kh2
53. Kf2 Ba5 54. h4 Be1+ 55. Kf3 Bxg3 56. h5 Be1 57. Kg4 Bd2 58. Ne6 Bc1 59. Nd8
Kg2 60. Nf7 Kh2 61. Kf5 Kh3 62. Kg6 Kg4 63. Nxh6+ Kh4 64. Nf5+ Kg4 65. Nd4 Bd2
66. Nc2 Bc1 67. Nb4 Bd2 68. Nc6 Bf4 69. h6 Bxh6 70. Kxh6 1/2-1/2

[Event "Chigorin Memorial"]
[Site "St Petersburg"]
[Date "2015.10.06"]
[Round "4.40"]
[White "Saveliev, Alexei"]
[Black "Franco Alonso, Alejandro"]
[Result "1/2-1/2"]
[WhiteElo "2253"]
[BlackElo "2450"]
[PlyCount "83"]
[EventDate "2015.10.03"]
[EventRounds "9"]
[EventCountry "RUS"]

1. e4 c6 2. d4 d5 3. exd5 cxd5 4. Bd3 Nc6 5. c3 Qc7 6. Ne2 Bg4 7. O-O e6 8. Qe1
Bd6 9. f3 Bh5 10. Qh4 Bg6 11. Bxg6 fxg6 12. Nf4 Bxf4 13. Bxf4 Qf7 14. Nd2 Nge7
15. Rae1 O-O 16. Be5 Qf5 17. Qf2 g5 18. Bd6 Rae8 19. Re3 Rf6 20. Bxe7 Rxe7 21.
Rfe1 b6 22. Nb3 g4 23. Qe2 gxf3 24. Rxf3 Qh5 25. Re3 Qf5 26. Nd2 e5 27. dxe5
Rxe5 28. Rxe5 Nxe5 29. Qxe5 Qf2+ 30. Kh1 Qxd2 31. h3 h6 32. Re2 Qd1+ 33. Kh2
Rf1 34. Qe3 Rh1+ 35. Kg3 Kh8 36. Rd2 Qh5 37. Rd4 Rd1 38. Kh2 Rxd4 39. Qxd4 Qg5
40. a4 Kg8 41. b4 Qf5 42. a5 1/2-1/2

[Event "Chigorin Memorial"]
[Site "St Petersburg"]
[Date "2015.10.06"]
[Round "4.42"]
[White "Vaseptsov, Maxim"]
[Black "Arslanov, Shamil"]
[Result "1/2-1/2"]
[WhiteElo "2241"]
[BlackElo "2416"]
[PlyCount "82"]
[EventDate "2015.10.03"]
[EventRounds "9"]
[EventCountry "RUS"]

1. e4 c5 2. Nf3 Nc6 3. Bb5 Na5 4. c3 a6 5. Ba4 b5 6. Bc2 Bb7 7. d4 cxd4 8. cxd4
e6 9. O-O Nf6 10. Qe2 Be7 11. Rd1 Rc8 12. Bd3 d5 13. e5 Ne4 14. Nbd2 Qc7 15.
Nxe4 dxe4 16. Bxe4 Bxe4 17. Qxe4 Qc2 18. Qxc2 Rxc2 19. Ne1 Rc6 20. Be3 Nc4 21.
Nd3 Nb6 22. Rac1 Rxc1 23. Rxc1 Kd7 24. Kf1 Nd5 25. Ke2 g5 26. g3 h5 27. h3 Rg8
28. Bd2 b4 29. Ne1 g4 30. h4 Rb8 31. Kd3 Rb5 32. Ng2 f6 33. exf6 Bxf6 34. Nf4
Nxf4+ 35. Bxf4 Ra5 36. Rc7+ Ke8 37. Rb7 Be7 38. Rb8+ Kf7 39. Rb7 Ke8 40. Rb8+
Kf7 41. Rb7 Ke8 1/2-1/2

[Event "Chigorin Memorial"]
[Site "St Petersburg"]
[Date "2015.10.06"]
[Round "4.43"]
[White "Eraschenkov, Denis"]
[Black "Purtov, Konstantin"]
[Result "1-0"]
[WhiteElo "2402"]
[BlackElo "2199"]
[PlyCount "63"]
[EventDate "2015.10.03"]
[EventRounds "9"]
[EventCountry "RUS"]

1. e4 e5 2. Nf3 Nc6 3. Bb5 a6 4. Ba4 Nf6 5. O-O Be7 6. Re1 b5 7. Bb3 d6 8. c3
O-O 9. h3 Bb7 10. d4 Nd7 11. Nbd2 Bf6 12. Nf1 Na5 13. Bc2 Nc4 14. b3 Ncb6 15.
Ne3 Re8 16. d5 Nf8 17. Nh2 Ng6 18. g3 c6 19. dxc6 Bxc6 20. Nhg4 Be7 21. h4 h5
22. Nh2 d5 23. Qxh5 dxe4 24. Nhg4 Rc8 25. Rd1 Qc7 26. Nf5 Nd5 27. Bg5 Nxc3 28.
Bxe7 Rxe7 29. Nf6+ Kf8 30. Qh7 gxf6 31. Qg7+ Ke8 32. Qg8+ 1-0

[Event "Chigorin Memorial"]
[Site "St Petersburg"]
[Date "2015.10.06"]
[Round "4.44"]
[White "Kakabayaev, Mergen"]
[Black "Korchmar, Vasiliy"]
[Result "0-1"]
[WhiteElo "2239"]
[BlackElo "2402"]
[PlyCount "62"]
[EventDate "2015.10.03"]
[EventRounds "9"]
[EventCountry "RUS"]

1. e4 c5 2. Nf3 e6 3. c3 Nf6 4. e5 Nd5 5. d4 cxd4 6. cxd4 d6 7. Bd3 Nb4 8. Bb5+
Bd7 9. Bxd7+ Nxd7 10. Nc3 dxe5 11. dxe5 Qa5 12. Bf4 Qa6 13. Bg3 Nd3+ 14. Kf1
N3xe5+ 15. Kg1 Rd8 16. Nxe5 Nxe5 17. Qb3 Bd6 18. Nb5 O-O 19. Nxd6 Qxd6 20. h3
Qd5 21. Qc3 Nc6 22. Kh2 Qd3 23. Qc5 Rd5 24. Qc1 Rfd8 25. b3 Qd2 26. Qxd2 Rxd2
27. a3 Nd4 28. b4 h5 29. h4 Nf5 30. Rac1 Nxg3 31. Kxg3 R2d3+ 0-1

[Event "Chigorin Memorial"]
[Site "St Petersburg"]
[Date "2015.10.06"]
[Round "4.45"]
[White "Mesnyankin, Nikita"]
[Black "Ponfilenok, Vladimir"]
[Result "0-1"]
[WhiteElo "2218"]
[BlackElo "2395"]
[PlyCount "82"]
[EventDate "2015.10.03"]
[EventRounds "9"]
[EventCountry "RUS"]

1. e4 e6 2. d4 d5 3. Nc3 Bb4 4. e5 c5 5. a3 Bxc3+ 6. bxc3 Ne7 7. h4 Qa5 8. Bd2
Qa4 9. Qb1 c4 10. h5 h6 11. Nf3 Nbc6 12. Be2 Bd7 13. O-O O-O-O 14. Nh4 Rdg8 15.
Qc1 Qa5 16. a4 Rh7 17. Ra3 Qd8 18. Ra1 f6 19. f4 f5 20. Be1 Be8 21. Qe3 g5 22.
hxg6 Nxg6 23. Nxg6 Bxg6 24. Qh3 Qe8 25. Kf2 Qd8 26. Bd2 h5 27. Ke3 h4 28. Be1
Rgh8 29. Bf2 Bh5 30. Rh1 Qa5 31. Kd2 Bxe2 32. Kxe2 Rg8 33. Qf3 Rg4 34. g3 Ne7
35. Rxh4 Rhxh4 36. gxh4 Ng6 37. Bg3 Nxh4 38. Bxh4 Rxh4 39. Rg1 Qxa4 40. Rg8+
Kc7 41. Kd2 Qa1 0-1